Optimalizácia distribúcie obsahu v distribučných sieťach
Saved in:
| Main Author: | |
|---|---|
| Other Authors: | |
| Format: | Manuscript Book |
| Language: | Slovak English |
| Published: |
2021
|
| Subjects: | |
| Online Access: | http://is.stuba.sk/zp/portal_zp.pl?podrobnosti=158957 |
| Tags: |
No Tags, Be the first to tag this record!
|
MARC
| LEADER | 00000ntm a22000003a 4500 | ||
|---|---|---|---|
| 001 | stuzp85724 | ||
| 003 | SK-STU | ||
| 005 | 20210619212152.8 | ||
| 007 | ta | ||
| 008 | 150427s2015----xo-----f-mn---000-0-slo-d | ||
| 040 | |a STU |b slo | ||
| 041 | 0 | |a eng | |
| 100 | 1 | |a Nemčík, Ján |u 070400 |4 aut |U FIIT Fakulta informatiky a informačných technológií |T FIIT Ústav počítačového inžinierstva a aplikovanej informatiky |X 85974 |U I400 |Y 672 |7 85974 | |
| 242 | 0 | 1 | |a Optimalizácia distribúcie obsahu v distribučných sieťach |y slo |
| 245 | 1 | 0 | |a Optimalizácia distribúcie obsahu v distribučných sieťach |
| 260 | |c 2021 | ||
| 650 | 4 | |a distrubučná sieť |2 slo | |
| 650 | 4 | |a distribúcia obsahu |2 slo | |
| 650 | 4 | |a bezpečnosť |2 slo | |
| 650 | 4 | |a privátna sieť |2 slo | |
| 650 | 4 | |a content delivery network |2 eng | |
| 650 | 4 | |a security |2 eng | |
| 650 | 4 | |a content distribution |2 eng | |
| 650 | 4 | |a private network |2 eng | |
| 700 | 1 | |a Boros, Tomáš |4 ths |X 5793 |7 A000005793 | |
| 856 | 4 | |u http://is.stuba.sk/zp/portal_zp.pl?podrobnosti=158957 | |